000 00547nam a22001697a 4500
005 20250829124302.0
008 250829b |||||||| |||| 00| 0 eng d
020 _a1-85166-369-X
050 _aSF 254 .M 93 M 93 1989
_b1
100 _aEDITED BY HANS P. VAN EGMOND
245 _aMYCOTOXINS IN DAIRY PRODUCTS
260 _aLONDON,
_bELSEVIER APPLIED SCIENCE PUBLISHERS LTD,
_c1989,
300 _aX, 272 P, ILL
500 _aINCLUDES BIBLIOGRAPHICAL REFERENCES AND INDEX
650 _aMycotoxins Dairy products-Contamination
942 _2lcc
_cBK
999 _c216055
_d216055